[Event "Saratov Governor's Cup 2011"]
[Site "Saratov RUS"]
[Date "2011.10.16"]
[Round "8.6"]
[White "Roiz, Michael"]
[Black "Leko, Peter"]
[Result "1/2-1/2"]
[WhiteElo "2668"]
[BlackElo "2728"]
[PlyCount "108"]
[EventDate "2011.10.08"]
[EventType "tourn"]
[EventRounds "11"]
[EventCountry "RUS"]
[EventCategory "19"]
[Source "lmi"]
[SourceDate "2011.10.08"]

1. d4 Nf6 2. Nf3 e6 3. c4 b6 4. g3 Ba6 5. Qa4 Bb7 6. Bg2 c5 7. dxc5 bxc5 8. O-O
Be7 9. Nc3 O-O 10. Rd1 Qb6 11. Bf4 Rd8 12. Rd2 d6 13. Rad1 h6 14. Qb5 Ne8 15.
g4 Nd7 16. Qxb6 Nxb6 17. b3 a6 18. Ne1 Bxg2 19. Kxg2 Rac8 20. Nf3 Bf6 21. Ne4
d5 22. cxd5 Nxd5 23. Bg3 c4 24. Nxf6+ Nexf6 25. bxc4 Rxc4 26. Ne5 Ra4 27. f3
Ne3+ 28. Kh3 Rd5 29. Rxd5 Nfxd5 30. Rd2 f6 31. Ng6 Kf7 32. Nh8+ Kg8 33. Ng6 Kf7
34. Nh8+ Ke8 35. Ng6 Rc4 36. Bf2 Rc2 37. Bxe3 Nxe3 38. Rxc2 Nxc2 39. Nf4 Ke7
40. Kg3 Nb4 41. a3 Nc2 42. a4 Nb4 43. Kf2 g5 44. Nh5 Nd5 45. a5 Nb4 46. Ng3 Kd6
47. e3 Ke5 48. Nh5 Nd5 49. Ng3 Nb4 50. Nh5 Nd5 51. Ng3 Nc3 52. Nh5 f5 53. f4+
Kd5 54. Nf6+ Kd6 1/2-1/2

[Event "Saratov Governor's Cup 2011"]
[Site "Saratov RUS"]
[Date "2011.10.17"]
[Round "9.2"]
[White "Vitiugov, Nikita"]
[Black "Roiz, Michael"]
[Result "1/2-1/2"]
[WhiteElo "2726"]
[BlackElo "2668"]
[PlyCount "51"]
[EventDate "2011.10.08"]
[EventType "tourn"]
[EventRounds "11"]
[EventCountry "RUS"]
[EventCategory "19"]
[Source "lmi"]
[SourceDate "2011.10.08"]

1. d4 Nf6 2. c4 e6 3. g3 Bb4+ 4. Bd2 Be7 5. Bg2 d5 6. Nf3 c6 7. Qc2 b6 8. Bf4
Bb7 9. O-O Nbd7 10. Rd1 O-O 11. Nc3 dxc4 12. Nd2 Nd5 13. Nxc4 Nxf4 14. gxf4 Qc7
15. e3 Rad8 16. Rac1 c5 17. d5 exd5 18. Nxd5 Bxd5 19. Rxd5 b5 20. Ne5 Nxe5 21.
Rxe5 Bd6 22. Rd5 Be7 23. Re5 Bd6 24. Rd5 Be7 25. Re5 Bd6 26. Rf5 1/2-1/2

[Event "Saratov Governor's Cup 2011"]
[Site "Saratov RUS"]
[Date "2011.10.17"]
[Round "9.4"]
[White "Morozevich, Alexander"]
[Black "Tomashevsky, Evgeny"]
[Result "1/2-1/2"]
[WhiteElo "2737"]
[BlackElo "2710"]
[PlyCount "62"]
[EventDate "2011.10.08"]
[EventType "tourn"]
[EventRounds "11"]
[EventCountry "RUS"]
[EventCategory "19"]
[Source "lmi"]
[SourceDate "2011.10.08"]

1. e4 e5 2. Nf3 Nc6 3. d4 exd4 4. Nxd4 Bc5 5. Be3 Qf6 6. c3 Nge7 7. Nc2 Bxe3 8.
Nxe3 O-O 9. Bd3 Ne5 10. Bc2 Qb6 11. b3 d6 12. O-O f5 13. exf5 Bxf5 14. c4 Bxc2
15. Qxc2 Rf7 16. Nc3 Raf8 17. Qd2 N5g6 18. Rae1 Qa5 19. g3 Rf3 20. Ned5 Nxd5
21. Qxd5+ Qxd5 22. Nxd5 c6 23. Ne3 Ne5 24. Rd1 Nf7 25. h4 Rf6 26. h5 Re8 27.
Kg2 Kf8 28. Rfe1 Rfe6 29. Rd4 Re5 30. g4 g6 31. hxg6 hxg6 1/2-1/2

[Event "Saratov Governor's Cup 2011"]
[Site "Saratov RUS"]
[Date "2011.10.17"]
[Round "9.5"]
[White "Eljanov, Pavel"]
[Black "Andreikin, Dmitry"]
[Result "1-0"]
[WhiteElo "2683"]
[BlackElo "2705"]
[PlyCount "61"]
[EventDate "2011.10.08"]
[EventType "tourn"]
[EventRounds "11"]
[EventCountry "RUS"]
[EventCategory "19"]
[Source "lmi"]
[SourceDate "2011.10.08"]

1. d4 Nf6 2. c4 e6 3. Nf3 b6 4. g3 Bb7 5. Bg2 c5 6. d5 exd5 7. Nh4 g6 8. Nc3
Bg7 9. O-O O-O 10. Bg5 Qe8 11. cxd5 d6 12. Qd2 Nbd7 13. Bh6 Bxh6 14. Qxh6 a6
15. a4 b5 16. axb5 axb5 17. Nxb5 Rxa1 18. Rxa1 Qxe2 19. Nxd6 Qxb2 20. Rd1 c4
21. h3 c3 22. Nhf5 gxf5 23. Nxf5 Ne8 24. Be4 Kh8 25. Ng7 f5 26. Nxe8 Rxe8 27.
Bxf5 Nf8 28. Qf6+ Kg8 29. Rd4 Qc1+ 30. Kh2 Re1 31. Bxh7+ 1-0

[Event "Saratov Governor's Cup 2011"]
[Site "Saratov RUS"]
[Date "2011.10.17"]
[Round "9.6"]
[White "Shirov, Alexei"]
[Black "Alekseev, Evgeny"]
[Result "1/2-1/2"]
[WhiteElo "2713"]
[BlackElo "2662"]
[PlyCount "86"]
[EventDate "2011.10.08"]
[EventType "tourn"]
[EventRounds "11"]
[EventCountry "RUS"]
[EventCategory "19"]
[Source "lmi"]
[SourceDate "2011.10.08"]

1. e4 e5 2. Nf3 Nf6 3. d4 Nxe4 4. Bd3 d5 5. dxe5 Nc5 6. Be2 Be7 7. O-O O-O 8.
Be3 c6 9. Nd4 Qc7 10. f4 f6 11. exf6 Bxf6 12. Nc3 Ne6 13. Nb3 Nd7 14. Qd2 Nb6
15. f5 d4 16. fxe6 dxc3 17. bxc3 Bxe6 18. Bd4 Be5 19. Bxe5 Qxe5 20. Bd3 Nc4 21.
Rxf8+ Rxf8 22. Re1 Nxd2 23. Rxe5 Nxb3 24. axb3 Rf6 25. c4 Kf7 26. c5 h6 27. Re4
Ke7 28. Ra4 a6 29. Rb4 Bc8 30. h4 Kd8 31. Kh2 Kc7 32. Kg3 Be6 33. Rf4 a5 34.
Rxf6 gxf6 35. Kf4 b5 36. cxb6+ Kxb6 37. Bf5 Bf7 38. Kg4 c5 39. c4 Kc7 40. Be4
Kd6 41. Kf5 Ke7 42. Bf3 Be8 43. g3 Bf7 1/2-1/2

[Event "Saratov Governor's Cup 2011"]
[Site "Saratov RUS"]
[Date "2011.10.18"]
[Round "10.2"]
[White "Andreikin, Dmitry"]
[Black "Shirov, Alexei"]
[Result "1/2-1/2"]
[WhiteElo "2705"]
[BlackElo "2713"]
[PlyCount "135"]
[EventDate "2011.10.08"]
[EventType "tourn"]
[EventRounds "11"]
[EventCountry "RUS"]
[EventCategory "19"]
[Source "lmi"]
[SourceDate "2011.10.08"]

1. Nc3 d5 2. e4 dxe4 3. Nxe4 Nd7 4. Nf3 Ngf6 5. Nxf6+ Nxf6 6. Bc4 Bf5 7. O-O e6
8. d4 Be7 9. c3 O-O 10. Qe2 c5 11. dxc5 Bxc5 12. Bg5 h6 13. Rad1 Qe7 14. Bh4
Rad8 15. Nd4 Bh7 16. Rfe1 a6 17. Bb3 Kh8 18. Qf3 Rd7 19. Ba4 Rdd8 20. h3 Bd6
21. Bc6 g5 22. Bxb7 Kg7 23. Bg3 Bxg3 24. fxg3 e5 25. Kh2 Rb8 26. Bxa6 Rxb2 27.
Nf5+ Bxf5 28. Qxf5 e4 29. Bc4 e3 30. Rd3 Rf2 31. Rdxe3 Qxe3 32. Qxf6+ Kxf6 33.
Rxe3 Rd8 34. Kg1 Rdd2 35. Bd5 Rfe2 36. Rxe2 Rxe2 37. g4 Rc2 38. c4 Rxa2 39. Kh2
Ra3 40. Kg1 Ke7 41. Kf2 f6 42. Kg1 Kd6 43. Kh2 Ke5 44. Bg8 Rc3 45. Bf7 f5 46.
gxf5 Kxf5 47. g3 Rc2+ 48. Kg1 g4 49. h4 Ke5 50. Bd5 Kd6 51. Kf1 Kc5 52. Kg1
Rxc4 53. Ba8 Kd4 54. Bb7 Ke3 55. Ba8 h5 56. Bb7 Ra4 57. Bc6 Ra7 58. Bd5 Ra1+
59. Kg2 Kd4 60. Bb7 Ra7 61. Bc6 Rc7 62. Ba8 Rc8 63. Bb7 Rb8 64. Bc6 Kc5 65. Be4
Re8 66. Bb7 Kb6 67. Bd5 Re5 68. Ba8 1/2-1/2

[Event "Saratov Governor's Cup 2011"]
[Site "Saratov RUS"]
[Date "2011.10.18"]
[Round "10.3"]
[White "Tomashevsky, Evgeny"]
[Black "Eljanov, Pavel"]
[Result "1-0"]
[WhiteElo "2710"]
[BlackElo "2683"]
[PlyCount "77"]
[EventDate "2011.10.08"]
[EventType "tourn"]
[EventRounds "11"]
[EventCountry "RUS"]
[EventCategory "19"]
[Source "lmi"]
[SourceDate "2011.10.08"]

1. d4 d5 2. c4 c6 3. Nf3 Nf6 4. e3 Bg4 5. h3 Bh5 6. Nc3 e6 7. g4 Bg6 8. Ne5
Nbd7 9. Nxg6 hxg6 10. a3 Be7 11. Qf3 g5 12. Bd2 Kf8 13. Rd1 Kg8 14. Bd3 Nb6 15.
c5 Nbd7 16. Qg3 e5 17. dxe5 Nxc5 18. Bf5 Nfd7 19. b4 Ne6 20. Ne2 Nb6 21. O-O
Nc4 22. Bc1 Qc7 23. f4 gxf4 24. exf4 a5 25. b5 cxb5 26. Rxd5 b4 27. axb4 axb4
28. Qb3 b5 29. g5 Qa7+ 30. Kh1 Nc5 31. Qf3 b3 32. Nd4 g6 33. Nc6 Qc7 34. Nxe7+
Qxe7 35. Bg4 Ra1 36. f5 gxf5 37. Qxf5 b2 38. Rd8+ Kg7 39. Qf6+ 1-0

[Event "Saratov Governor's Cup 2011"]
[Site "Saratov RUS"]
[Date "2011.10.18"]
[Round "10.5"]
[White "Roiz, Michael"]
[Black "Moiseenko, Alexander"]
[Result "1/2-1/2"]
[WhiteElo "2668"]
[BlackElo "2726"]
[PlyCount "83"]
[EventDate "2011.10.08"]
[EventType "tourn"]
[EventRounds "11"]
[EventCountry "RUS"]
[EventCategory "19"]
[Source "lmi"]
[SourceDate "2011.10.08"]

1. Nf3 Nf6 2. c4 e6 3. d4 d5 4. e3 c5 5. cxd5 exd5 6. Bb5+ Bd7 7. Bxd7+ Nbxd7
8. dxc5 Nxc5 9. O-O Be7 10. Nc3 O-O 11. b3 a6 12. Bb2 b5 13. Ne2 Rc8 14. Rc1
Nce4 15. Ned4 Bc5 16. Ne5 Qd6 17. Nd3 Bxd4 18. Bxd4 Rxc1 19. Qxc1 Ng4 20. Nf4
Ngxf2 21. Rxf2 Nxf2 22. Kxf2 Qd7 23. Qa3 Qc6 24. Qe7 Rc8 25. Kf3 Qc2 26. Qg5
Qe4+ 27. Kg3 f6 28. Bxf6 Qxe3+ 29. Kg4 Rc7 30. Bd4 Qe8 31. Qxd5+ Rf7 32. Qe6
Qd7 33. Qxd7 Rxd7 34. Ne6 Kf7 35. Ng5+ Ke8 36. Nf3 Rc7 37. a3 Rc2 38. g3 g6 39.
h4 a5 40. Bb6 a4 41. bxa4 Rc4+ 42. Kh3 1/2-1/2

[Event "Saratov Governor's Cup 2011"]
[Site "Saratov RUS"]
[Date "2011.10.19"]
[Round "11.2"]
[White "Moiseenko, Alexander"]
[Black "Leko, Peter"]
[Result "1/2-1/2"]
[WhiteElo "2726"]
[BlackElo "2728"]
[PlyCount "67"]
[EventDate "2011.10.08"]
[EventType "tourn"]
[EventRounds "11"]
[EventCountry "RUS"]
[EventCategory "19"]
[Source "lmi"]
[SourceDate "2011.10.08"]

1. d4 Nf6 2. c4 e6 3. Nf3 b6 4. g3 Ba6 5. Qa4 Bb7 6. Bg2 c5 7. dxc5 bxc5 8. O-O
Be7 9. Nc3 O-O 10. Rd1 Qb6 11. Bf4 d6 12. Rab1 Nbd7 13. b4 Rfb8 14. a3 a6 15.
Qb3 Qc7 16. b5 Ne4 17. a4 Nxc3 18. Qxc3 axb5 19. axb5 Nb6 20. Qd3 e5 21. Ng5
Bxg5 22. Bxg5 Bxg2 23. Kxg2 h6 24. Be3 Ra4 25. Rbc1 Rd8 26. f3 Rd7 27. Rd2 Qd8
28. Rdc2 Qe7 29. Bf2 Qe6 30. Rc3 Rda7 31. Qe4 Rc7 32. Qd3 Rca7 33. Qe4 Rc7 34.
Qd3 1/2-1/2

[Event "Saratov Governor's Cup 2011"]
[Site "Saratov RUS"]
[Date "2011.10.19"]
[Round "11.5"]
[White "Shirov, Alexei"]
[Black "Tomashevsky, Evgeny"]
[Result "1/2-1/2"]
[WhiteElo "2713"]
[BlackElo "2710"]
[PlyCount "58"]
[EventDate "2011.10.08"]
[EventType "tourn"]
[EventRounds "11"]
[EventCountry "RUS"]
[EventCategory "19"]
[Source "lmi"]
[SourceDate "2011.10.08"]

1. e4 e5 2. Nf3 Nc6 3. Bb5 a6 4. Ba4 Nf6 5. O-O Be7 6. Re1 b5 7. Bb3 O-O 8. c3
d5 9. exd5 Nxd5 10. Nxe5 Nxe5 11. Rxe5 c6 12. d3 Bd6 13. Re1 Bf5 14. Qf3 Qf6
15. Bxd5 cxd5 16. Bf4 Bxf4 17. Qxf4 d4 18. cxd4 Rad8 19. Nc3 Rxd4 20. Ne4 Bxe4
21. Qxf6 gxf6 22. Rxe4 Rxd3 23. Rg4+ Kh8 24. a4 Rfd8 25. g3 Rd1+ 26. Rxd1 Rxd1+
27. Kg2 Rb1 28. axb5 Rxb2 29. bxa6 Ra2 1/2-1/2

[Event "Saratov Governor's Cup 2011"]
[Site "Saratov RUS"]
[Date "2011.10.19"]
[Round "11.6"]
[White "Alekseev, Evgeny"]
[Black "Andreikin, Dmitry"]
[Result "1/2-1/2"]
[WhiteElo "2662"]
[BlackElo "2705"]
[PlyCount "26"]
[EventDate "2011.10.08"]
[EventType "tourn"]
[EventRounds "11"]
[EventCountry "RUS"]
[EventCategory "19"]
[Source "lmi"]
[SourceDate "2011.10.08"]

1. d4 Nf6 2. c4 e6 3. g3 Bb4+ 4. Bd2 Be7 5. Bg2 d5 6. Nf3 O-O 7. O-O c6 8. Qc2
Nbd7 9. Bf4 Nh5 10. Bc1 Nhf6 11. Bf4 Nh5 12. Bc1 Nhf6 13. Bf4 Nh5 1/2-1/2